| 000 -LEADER |
| fixed length control field |
01498nam a22002777a 4500 |
| 003 - CONTROL NUMBER IDENTIFIER |
| control field |
OSt |
| 005 - DATE AND TIME OF LATEST TRANSACTION |
| control field |
20220613134743.0 |
| 008 - FIXED-LENGTH DATA ELEMENTS--GENERAL INFORMATION |
| fixed length control field |
180226b xxu||||| |||| 00| 0 spa d |
| 020 ## - INTERNATIONAL STANDARD BOOK NUMBER |
| International Standard Book Number |
9505082118 |
| 040 ## - CATALOGING SOURCE |
| Transcribing agency |
PJ |
| 100 ## - ASIENTO PRINCIPAL - NOMBRE DE PERSONA |
| 9 (RLIN) |
616 |
| Personal name |
Miller, Jonathan M. |
| 245 10 - MENCIÓN DE TÍTULO |
| Título propiamente dicho |
Constitución y poder político : |
| Parte restante del título |
jurisprudencia de la Corte Suprema y técnicas para su interpretación / |
| Mención de responsabilidad, etc |
Jonathan M. Miller, María Angélica Gelli, Susana Cayuso. |
| 260 ## - PUBLICATION, DISTRIBUTION, ETC. (IMPRINT) |
| Place of publication, distribution, etc |
Buenos Aires : |
| Name of publisher, distributor, etc |
Astrea, |
| Date of publication, distribution, etc |
1992. |
| 300 ## - DESCRIPCION FISICA |
| Extent |
2 v. |
| Dimensions |
23 cm. |
| 505 ## - FORMATTED CONTENTS NOTE |
| Formatted contents note |
Capitulo I <br/>1. Control de constitucionalidad.<br/>Capitulo II <br/>1. Justiciabilidad <br/>Capitulo III<br/>1. Jurisdicción de la corte suprema.<br/>2. Jurisdicción Ordinaria.<br/>3. Jurisdicción por apelación por poderes.<br/>4. Recurso Ordinario.<br/>5. Recurso Extraordinario.<br/>6. Acción de Amparo.<br/>7. Restricciones Legislativas a la competencia de la Corte Suprema.<br/>8. La constitucionalidad de la jurisdicción militar.<br/> |
| Statement of responsibility |
JONATHAN M. MILLER- MARÍA ANGÉLICA GELLI- SUSANA CAYUSO |
| Title |
CONSTITUCIÓN Y PODER POLÍTICO |
| 650 #0 - ASIENTO SECUNDARIO DE MATERIA - TERMINO TEMATICO |
| Topical term or geographic name as entry element |
DERECHO CONSTITUCIONAL |
| 9 (RLIN) |
178 |
| 650 #0 - ASIENTO SECUNDARIO DE MATERIA - TERMINO TEMATICO |
| Topical term or geographic name as entry element |
CONTROL DE CONSTITUCIONALIDAD |
| 9 (RLIN) |
755 |
| 650 #0 - ASIENTO SECUNDARIO DE MATERIA - TERMINO TEMATICO |
| Topical term or geographic name as entry element |
SISTEMA FEDERAL |
| 9 (RLIN) |
479 |
| 650 #0 - ASIENTO SECUNDARIO DE MATERIA - TERMINO TEMATICO |
| Topical term or geographic name as entry element |
JERARQUIA CONSTITUCIONAL |
| 9 (RLIN) |
757 |
| 650 #0 - ASIENTO SECUNDARIO DE MATERIA - TERMINO TEMATICO |
| Topical term or geographic name as entry element |
INDEPENDENCIA DEL PODER JUDICIAL |
| 9 (RLIN) |
756 |
| 650 #0 - ASIENTO SECUNDARIO DE MATERIA - TERMINO TEMATICO |
| Topical term or geographic name as entry element |
CORTE SUPREMA DE JUSTICIA DE LA NACION |
| 9 (RLIN) |
822 |
| 650 #0 - ASIENTO SECUNDARIO DE MATERIA - TERMINO TEMATICO |
| Topical term or geographic name as entry element |
FALLOS DE LA CORTE SUPREMA |
| 9 (RLIN) |
699 |
| 700 ## - ADDED ENTRY--PERSONAL NAME |
| 9 (RLIN) |
617 |
| Personal name |
Gelli, María Angélica |
| 700 ## - ADDED ENTRY--PERSONAL NAME |
| 9 (RLIN) |
618 |
| Personal name |
Cayuso, Susana G. |
| 942 ## - ADDED ENTRY ELEMENTS (KOHA) |
| Source of classification or shelving scheme |
|
| Koha item type |
Libros |
| Classification part |
342.565 |
| Item part |
MIL |